Նեմեսիոսի փիլիսոփայի Եմեսացւոյ յաղագս բնութեան մարդոյ / (Record no. 126983)
[ view plain ]
| 000 -LEADER | |
|---|---|
| fixed length control field | 00635nam a2200181 u 4500 |
| 001 - CONTROL NUMBER | |
| control field | 000336710 |
| 003 - CONTROL NUMBER IDENTIFIER | |
| control field | AM-YeHGA |
| 005 - DATE AND TIME OF LATEST TRANSACTION | |
| control field | 20250617130927.0 |
| 008 - FIXED-LENGTH DATA ELEMENTS--GENERAL INFORMATION | |
| fixed length control field | 040519s1889 it |||||||||||||0|||arm|d |
| 040 ## - CATALOGING SOURCE | |
| Original cataloging agency | AM-YeHGA |
| 041 0# - LANGUAGE CODE | |
| Language code of text/sound track or separate title | arm |
| 090 ## - LOCALLY ASSIGNED LC-TYPE CALL NUMBER (OCLC); LOCAL CALL NUMBER (RLIN) | |
| -- | 128345 |
| 245 10 - TITLE STATEMENT | |
| Title | Նեմեսիոսի փիլիսոփայի Եմեսացւոյ յաղագս բնութեան մարդոյ / |
| Statement of responsibility, etc. | Նեմեսիոս Եմեսացի. |
| 260 ## - PUBLICATION, DISTRIBUTION, ETC. | |
| Place of publication, distribution, etc. | Վենետիկ : |
| Name of publisher, distributor, etc. | Մխիթարեան տպարան, |
| Date of publication, distribution, etc. | 1889. |
| 300 ## - PHYSICAL DESCRIPTION | |
| Extent | 166 էջ. |
| 600 04 - SUBJECT ADDED ENTRY--PERSONAL NAME | |
| Personal name | Նեմեսիոս |
| 650 14 - SUBJECT ADDED ENTRY--TOPICAL TERM | |
| Topical term or geographic name entry element | Փիլիսոփայություն |
| General subdivision | Մարդկային հոգեբանություն |
| Withdrawn status | Lost status | Damaged status | Not for loan | Collection | Home library | Current library | Date acquired | Total checkouts | Full call number | Barcode | Date last seen | Copy number | Price effective from | Koha item type | Public note |
|---|---|---|---|---|---|---|---|---|---|---|---|---|---|---|---|
| Gulbenkian Individual Collection | Fundamental Scientific Library | Fundamental Scientific Library | 22/12/2016 | Gulb/769 | 901000769 | 22/12/2016 | 1 | 22/12/2016 | Գրքեր / Books | ILL Non-Circ. |
ՀՀ Գիտությունների ազգային ակադեմիայի հիմնարար գիտական գրադարան = Fundamental Scientific Library of NAS RA
All site content, except where otherwise noted, is licensed under a